| 000 | 00400cam a2200169ua 4500 | ||
|---|---|---|---|
| 001 | 8195 | ||
| 008 | 120103n1983 II |||gr||||Z||||||eng | ||
| 040 | _aMAIN | ||
| 041 | _aEnglish | ||
| 082 | _a900 LEY | ||
| 100 | _aLEY , DAVID . | ||
| 245 | _aA SOCIAL GEOGRAPHY OF THE CITY | ||
| 260 |
_aNEW YORK _bHARPER & ROW PUBLISHERS _c1983 |
||
| 300 | _a499. | ||
| 653 | _aHistory & geography | ||
| 942 | _cBK | ||
| 999 |
_c8176 _d8176 |
||